| 000 | 00801nam a22001817a 4500 | ||
|---|---|---|---|
| 999 |
_c15040 _d15040 |
||
| 003 | OSt | ||
| 082 | _2631.3 ANE/DE | ||
| 088 | _aP 233 | ||
| 100 |
_aANEESH PAPPAN D _aJIYA C. VARGHESE _aSANDEEP KUMAR _93880 |
||
| 245 | _aDevelopment and performance evaluation of herbicide applicator as an attachment to the paddy transplanter | ||
| 260 |
_aTavanur 2012 _bDepartment of Farm Power Machinery and Energy |
||
| 300 | _a45 | ||
| 500 | _aDevelopment and performance evaluation of herbicide applicator as an attachment to the paddy transplanter | ||
| 520 | _aDevelopment and performance evaluation of herbicide applicator as an attachment to the paddy transplanter | ||
| 700 |
_aDr. Jayan P. R (Guide) _93380 |
||
| 856 | _uhttps://drive.google.com/open?id=1z0yHdXD0azYq2okFbDBPC2p6h2M4HO7Q | ||
| 942 | _cPR | ||